[Event "World-ch31-KK2 Kasparov-Karpov +5-3=16"]
[Site "Moscow"]
[Date "1985.10.15"]
[Round "16"]
[White "Karpov, Anatoly"]
[Black "Kasparov, Garry"]
[Result "0-1"]
[WhiteElo "2720"]
[BlackElo "2700"]
[Annotator "Lutz,C"]
[PlyCount "80"]
[EventDate "1985.09.03"]
[EventType "match"]
[EventRounds "24"]
[EventCountry "URS"]
[SourceTitle "100 Jahre Schach"]
[Source "ChessBase"]
[SourceDate "2000.04.19"]
[SourceVersion "1"]
[SourceVersionDate "2000.04.19"]
[SourceQuality "1"]

{Im zweiten WM-Kampf stand es nach 15 Partien 71/2:71/2, Kasparov musste also
aus den verbleibenden neun Partien mindestens fünf Punkte holen, um seinem
Erzrivalen Karpov den WM-Titel abzunehmen. Einen Grundstein zu seinem
Matchsieg legte er in der nachfolgenden Partie. Selten mußte Karpov als Weißer
eine derart vernichtende Niederlage hinnehmen, mir persönlich fällt als
vergleichbarer Fall nur die Begegnung zwischen Karpov und Kasparov in Linares
1993 ein. Bei meinen Kommentaren habe ich mich auf die folgenden Quellen
gestützt: 1) Kasparovs Kommentare im Informator 40/202; 2) Graham Burgess'
Kommentare in "The World's Greatest Chess Games" von Burgess/Nunn/Emms.} 1. e4
c5 2. Nf3 e6 3. d4 cxd4 4. Nxd4 Nc6 5. Nb5 d6 6. c4 Nf6 7. N1c3 a6 8. Na3 d5 $6
{Dieses Bauernopfer wurde in der Presse das "Straßenbahn-Gambit" genannt.
Warum? Der Erfinder Andras Adorjan, zu jener Zeit Kasparovs Sekundant, hatte
diese Idee während einer Fahrt mit der Straßenbahn! Objektiv ist 8...d5?!
nicht korrekt, wie uns die Anmerkung zum 12. Zug von Weiß zeigt, aber die
Schachwelt sollte Karpov dankbar sein, dass er nicht die Widerlegung fand.
Dabei hatte Kasparov diesen Zug bereits in der 12. Partie des Matches
angewandt und ein kurzzügiges Remis erreicht. Es spricht für Kasparovs Mut 
(und auch gegen Karpovs Vorbereitung), dass die Variante ein zweites Mal aufs
Brett kommt und zu einem glänzenden schwarzen Sieg führt.} 9. cxd5 exd5 10.
exd5 Nb4 11. Be2 (11. Bc4 Bg4 12. Be2 Bxe2 13. Qxe2+ Qe7 14. Be3 Nbxd5 15. Nc2
Nxe3 16. Nxe3 Qe6 17. O-O Bc5 18. Rfe1 O-O {mit Remsisschluss geschah in der
zuvor erwähnten 12.WM-Partie.}) 11... Bc5 12. O-O $6 {Nicht die beste Wahl.} ({
Einige Zeit später fand Karpov den richtigen Zug:} 12. Be3 $1 {widerlegt das
Gambit und ist der Grund, dass 8...d5?! nicht mehr gespielt wird. Nach} Bxe3
13. Qa4+ Nd7 14. Qxb4 Bc5 15. Qe4+ Kf8 16. O-O b5 17. Nc2 {hatte Weiß in A.
Karpov-J.Van der Wiel (Brussels 1986) einfach einen Bauern mehr, mit klarem
Vorteil. Trotzdem scheint dies nicht Karpovs Variante zu sein, denn letztlich
gelang ihm nur ein Unentschieden.}) 12... O-O 13. Bf3 {Karpov klammert sich an
den Pd5, aber der Läuferzug schwächt das Feld d3, wie gleich deutlich wird.} ({
Besser ist es, den Mehrbauern zurückzugeben und eine kleine Initiative zu
behalten:} 13. Bg5 Nbxd5 14. Nxd5 Qxd5 15. Qxd5 (15. Bxf6 Qxd1 16. Rfxd1 gxf6
$11 {wird von Kasparov als Ausgleich eingeschätzt.}) 15... Nxd5 16. Bf3 Be6 17.
Rfd1 Nf6 18. Rac1 $14 {mit weißem Vorteil in D.Barbulescu-H.Wirthensohn 
(Mannschafts-WM Luzern 1985)}) 13... Bf5 14. Bg5 Re8 $1 {Wie ein roter Faden
zieht sich das Thema der Prophylaxe in dieser Partie durch Kasparovs Spiel.
Wie auch später in den Zügen 21, 24 und 27 konzentriert Kasparow seine
Bemühungen auf die Störung des gegnerischen Figurenspiels.} (14... b5 $2 {
ist dagegen überhastet, denn} 15. Be4 $1 {würde einen Strich durch das
schwarze Spiel machen.}) 15. Qd2 b5 $1 {Bis zum Schluss der Partie werden die
weißen Springer kein Bein mehr auf die Erde bekommen.} 16. Rad1 (16. Qf4 Bg6
17. Bxf6 Qxf6 18. Qxf6 gxf6 {(Kasparov) führt zum Ausgleich, aber das war
Karpov anscheinend nicht genug. Hätte er geahnt, dass er nur fünf Züge später
bereis um das nackte Überleben kämpft ...}) 16... Nd3 $1 {Dieser Springer
lähmt das weiße Spiel. In der Folge dreht sich alles darum, ob Weiß den
Springer herauswerfen kann.} 17. Nab1 $2 {Während Schwarz bislang "nur"
Kompensation für den Bauern hatte, nimmt nun seine Initiative beträchtliche
Größe an. In der Folge läßt Kasparov seinen Gegner nicht wieder ins Spiel
zurückkommmen.} (17. d6 $1 {ist absolut erzwungen. Kasparov analysiert:} Qxd6 (
17... Ra7 18. Nd5) (17... b4 $2 18. Bxa8 Qxa8 19. Na4 bxa3 20. Bxf6 gxf6 21.
Nxc5 Nxc5 22. Qd5 $18) 18. Bxa8 Rxa8 $44 {, und Schwarz hat gutes Spiel für
die Qualität, aber nicht mehr.}) 17... h6 $1 18. Bh4 b4 19. Na4 $6 (19. Ne2 $5
{kam vielleicht in Betracht. Kasparov gibt} g5 20. Bxg5 Nxf2 (20... hxg5 $2 21.
Qxg5+ Bg6 22. Rxd3 $18) 21. Rxf2 Bxf2+ 22. Kxf2 hxg5 23. Qxg5+ Bg6 {mit
schwarzem Vorteil an, aber Burgess weist darauf hin, dass nach} 24. Nd2 {
Weiß 25.Sf4 droht und die Partie noch nicht entschieden ist.}) 19... Bd6 {
Wie Kasparov schreibt, hatte er diese Stellung bereits in der häuslichen
Analyse auf dem Brett ! Dies gibt einen Eindruck von Kasparovs
Eröffnungsvorbereitung, die nach wie vor ohne Parallele im Weltschach ist.} 20.
Bg3 Rc8 21. b3 {Die Idee ist offensichtlich 22.Sb2, aber Kasparov hat noch
einen Pfeil im Köcher.} g5 $1 22. Bxd6 (22. Nb2 $2 Nxb2 23. Qxb2 g4 24. Be2 Rc2
$19) 22... Qxd6 23. g3 {Nun hat der Läufer ein Rückzugsfeld, aber gleichzeitig
wird das Feld f3 geschwächt. Der nächste schwarze Zug nutzt dies auch.} Nd7 $1
24. Bg2 {Schweren Herzens wird Karpov einsehen müssen, dass er den Nd3 nicht
mehr so schnell los wird.} (24. Nb2 {wird nämlich brillant widerlegt, wie
Kasparov zeigt:} Qf6 $1 25. Nc4 (25. Nxd3 Bxd3 26. Qxd3 Ne5 $1 {und Weiß
verliert die Dame.}) 25... N7e5 26. Be2 (26. Nxe5 Nxe5 27. Bg2 (27. Be2 Bd3 $19
) 27... Bd3 28. Rfe1 (28. f4 Rc2 29. Qe3 Bxf1 30. Rxf1 Nf3+ $1 31. Qxf3 Ree2
$19 {(Burgess)}) 28... Nf3+ 29. Bxf3 Qxf3 30. Rxe8+ Rxe8 31. Qxd3 Re1+ 32. Rxe1
Qxd3 $19) 26... Bh3 {Kasparov schließt hier die Variante mit dem Urteil, dass
Schwarz gewinnt. Burgess führt diese Variante noch etwas weiter:} 27. Nxe5 Nxe5
28. f4 Qb6+ 29. Rf2 Ng4 30. Bxg4 Bxg4 31. Re1 Rxe1+ 32. Qxe1 gxf4 33. gxf4 Bf3
34. d6 Ba8 {Gemäß Burgess wird den langfristigen Drohungen gegen den weißen
König schwer zu widerstehen sein.}) 24... Qf6 $1 {Damit ist 25.Sb2 verhindert.}
25. a3 a5 26. axb4 axb4 27. Qa2 {Wenn Karpov, ein unbestrittener Meister des
Figurenspiels, derartige Züge macht, muss es um die weiße Stellung einfach
schlecht stehen.} Bg6 $1 {Einmal mehr Prohylaxe. Mit seinem letzten Zug
beabsichtigte Weiß 27.Nd2, was nun wegen 27...Re2 mit direkten Angriff gegen
f2 unmöglich ist.} 28. d6 {Obwohl es nicht so aussieht: Weiß hat immer noch
einen Mehrbauern...} g4 {... den Schwarz jedoch verschmäht und stattdessen
weiteren Raum am Königsflügel gewinnt.} (28... Qxd6 $2 29. Nd2 {(Kasparov)
gibt Weiß noch etwas Luft zum Atmen.}) 29. Qd2 {Offensichtlich hat Weiß keine
Idee mehr.} Kg7 {Schwarz braucht sich nicht zu beeilen.} 30. f3 {Öffnet die
Stellung für die schwarzen Figuren, aber was sonst.} (30. f4 Bf5 $1 {(Kasparov)
, und Weiß ist nach wie vor vollständig paralysiert. Schwarz kann als Nächstes
...h6-h5-h4 spielen.}) 30... Qxd6 31. fxg4 Qd4+ 32. Kh1 Nf6 $1 {Ein Springer
auf d3 ist Kasparov nicht genug, auch sein Kollege will mitwirken. Es droht 33.
..Nxg4 oder 33...Ne4.} 33. Rf4 Ne4 34. Qxd3 {Endlich ist der
Schreckensspringer gefallen, aber zu welchem Preis !} Nf2+ 35. Rxf2 Bxd3 36.
Rfd2 Qe3 $1 {Energisch bis zum Schluss. Zwar hat Weiß drei Figuren für die
Dame, aber seine Grundreihe ist schwach.} 37. Rxd3 Rc1 $1 38. Nb2 (38. Rxe3
Rxd1+ 39. Bf1 Rxe3 $19) 38... Qf2 39. Nd2 Rxd1+ ({Der Vollständigkeit halber
sei erwähnt, dass nach} 39... Re2 $1 {Schwarz im nächsten Zug auf g2 oder h2
mattsetzt ...}) 40. Nxd1 Re1+ {...aber auch so hat Karpov nichts mehr lachen.
Sicherlich ist dies eine der besten Partien der Schachgeschichte.} 0-1

[Event "Basel m"]
[Site "Basel"]
[Date "1986.05.21"]
[Round "6"]
[White "Miles, Anthony John"]
[Black "Kasparov, Garry"]
[Result "0-1"]
[WhiteElo "2610"]
[BlackElo "2720"]
[Annotator "Chekhov,V"]
[PlyCount "58"]
[EventDate "1986.05.??"]
[EventType "match"]
[EventRounds "6"]
[EventCountry "SUI"]
[SourceTitle "MCL"]
[Source "ChessBase"]
[SourceDate "1999.07.01"]
[SourceVersion "1"]
[SourceVersionDate "1999.07.01"]
[SourceQuality "1"]

1. d4 d5 2. c4 c6 3. Nc3 Nf6 4. e3 e6 5. Nf3 Nbd7 6. Bd3 dxc4 7. Bxc4 b5 8. Bd3
a6 9. e4 c5 10. e5 cxd4 11. Nxb5 Ng4 12. Qa4 (12. Nd6+ $6 Bxd6 13. exd6 Qa5+
14. Bd2 Qd5 15. O-O Nge5 16. Nxe5 Nxe5 17. Bb4 $6 (17. Bf4 $5) 17... a5 18. d7+
Bxd7 19. Ba3 Nxd3 20. Qxd3 Bb5 $19 {Illescas Cordoba,M-Oll,L/Groningen/1993/
0|1/36/}) 12... Ngxe5 $6 (12... Bb7 $5 13. Nbxd4 Qb6 14. O-O Bc5 15. h3 Bxf3
16. hxg4 Bd5 (16... Bxd4 17. gxf3 Ke7 18. Be4 Nxe5 19. Bxa8 Rxa8 20. Kg2 $16 {
Ivanchuk,V-Bareev,E/Novgorod/1994/1|0/38/}) 17. Nb3 O-O 18. Qxd7 Bxb3 19. Bxh7+
Kxh7 20. Qd3+ Kg8 21. Qxb3 Qxb3 22. axb3 Rfb8 $10 {Stohl,I-Chernin,A/Brno/1993/
0,5/24/}) 13. Nxe5 Nxe5 14. Nd6+ (14. Nc7+ Ke7 15. Nxa8 Nxd3+ $36) 14... Ke7
15. Nxc8+ Kf6 $6 (15... Rxc8 16. Bxa6 Ra8 17. Qb5 Qd5 18. Qxd5 exd5 19. Bb5 Kf6
20. O-O Bb4 (20... Bd6 $5 $14) 21. Bf4 Rhc8 22. Rfd1 Ng6 23. Bd2 Bd6 24. a4 $16
{Khalifman,A-Kuijf,M/Rotterdam/1988/1|0/42/}) 16. Be4 $6 (16. Bxa6 $1 Bc5 (
16... Qxc8 $2 17. Qxd4 Qxa6 18. Qh4+ $18) (16... Nd3+ 17. Kf1 Nb4 (17... Nc5
18. Qc6 (18. Qd1 $1) 18... Qd5 19. Qxd5 exd5 $132) 18. Qd1 $1 $16) 17. Qb5 Qd5
18. O-O Raxc8 19. Bxc8 Rxc8 20. Bg5+ $1 Kxg5 21. f4+ $40 {Buguero,L-Garcia,G/
Maracaibo/1987/1|0/26/}) 16... Rxc8 17. h4 (17. O-O $5) 17... h6 18. O-O $6 (
18. Bg5+ hxg5 19. hxg5+ Kxg5 20. Rxh8 Rc4 21. Qb3 Bb4+ 22. Qxb4 Qxh8 23. Qd2+
Kf6 24. g3 Qh6 $17) 18... Rc4 19. Qd1 (19. Qxa6 d3 $19) 19... d3 20. Re1 Rxc1
$1 21. Rxc1 d2 22. Rf1 Qd4 $19 23. Rc2 Qxe4 24. Rxd2 Bc5 25. Re1 Qxh4 26. Qc2
Bb4 27. Rxe5 (27. Re4 Nf3+ 28. gxf3 Qg5+ $19) 27... Bxd2 28. g3 Qd4 29. Re4 Qd5
0-1

[Event "World-ch32-KK3 Kasparov-Karpov +5-4=15"]
[Site "London/Leningrad"]
[Date "1986.10.03"]
[Round "22"]
[White "Kasparov, Garry"]
[Black "Karpov, Anatoly"]
[Result "1-0"]
[WhiteElo "2740"]
[BlackElo "2705"]
[Annotator "Lutz,C"]
[PlyCount "91"]
[EventDate "1986.07.28"]
[EventType "match"]
[EventRounds "24"]
[EventCountry "URS"]
[SourceTitle "100 Jahre Schach"]
[Source "ChessBase"]
[SourceDate "2000.04.19"]
[SourceVersion "1"]
[SourceVersionDate "2000.04.19"]
[SourceQuality "1"]

{Der 3. WM-Kampf zwischen Karpow und Kasparow sah die Rollen der beiden
Kontrahenten vertauscht: Kasparow als amtierendem Weltmeister genügte ein
Unentschieden, um den Titel zu gewinnen, also ein 12:12 aus 24 Partien.
Zunächst sah es so aus, als würde er dieses Ziel problemlos erreichen, denn
nach 16 Partien führte Kasparow mit 9,5:6,5. Dann musste er in den Partien 17,
18, und 19 jedoch drei Niederlagen hinnehmen und auf einmal wurde das Match
wieder spannend. Kasparow beschuldigte seinen damaligen Sekundanten Wladimirow,
geheime Analysen an Karpow weitergegeben zu haben und so für die drei
Niederlagen verantwortlich zu sein. Kasparow konnte dies jedoch nicht beweisen,
daher liegt die Vermutung nahe, dass er lediglich einen Sündenbock für sein
eigenes Versagen brauchte. Durch den Sieg in der vorliegenden Partie konnte
Kasparow jedoch alle Zweifel an der Titelverteidigung ausräumen und gewann
letztlich mit 12,5:11,5. Bei meinen Kommentaren stütze ich mich auf die
Analysen Kasparows im Informator 42/575.} 1. d4 Nf6 2. c4 e6 3. Nf3 d5 4. Nc3
Be7 5. Bg5 h6 6. Bxf6 Bxf6 7. e3 O-O 8. Rc1 c6 9. Bd3 Nd7 10. O-O dxc4 11. Bxc4
e5 12. h3 $5 {In den vorangehenden Partien des WM-Matchs wurde dieser Zug
mehrfach getestet, und es dauerte einige Jahre, bis eine wirksame
Ausgleichsfortsetzung für Schwarz gefunden wurde (vergleiche die Anmerkung zum
18. Zug von Schwarz). Die Idee ist, eine Isolani-Stllung herbeizuführen, in
der der weiße Läufer einen unangenehmen Druck entlang der Diagonalen a2-g8
entfalten kann.} (12. Ne4 exd4 13. Nxf6+ Nxf6 14. Qxd4 Qxd4 15. Nxd4 Bd7 {
führt zu einem ausgeglichenem Endspiel}) (12. Bb3 exd4 13. exd4 {ist nur
scheinbar eine Zugumstellung zur Partie, denn statt 13...Nb6?! 14.h3 kann
Schwarz besser} Re8 {nebst ...Nf8 und ...Be6 spielen, und so den gefährlichen
Bb3 abtauschen. Schwarz hat dann keinerlei Probleme mehr.}) 12... exd4 13. exd4
Nb6 ({Hier zeigt sich die Pointe, warum Kasparow erst 12.h3 (statt 12.Bb3
gespielt hat): Nach} 13... Re8 {kann} 14. Qb3 {mit Angriff gegen f7 geschehen,
z.B.} Rf8 15. Qc2 Re8 16. Rfe1 Rxe1+ 17. Rxe1 Nf8 18. Qb3 Qc7 19. Ne4 Bd8 20.
Ne5 Be6 21. Bxe6 Nxe6 22. Nxf7 Qxf7 23. Nd6 Qd7 24. Rxe6 Kh8 25. Re8+ Kh7 26.
Qd3+ g6 27. Qb3 {und 1:0 in einer Partie Hellsten,J-Olesen,M (Kopenhagen 1995)}
) 14. Bb3 Bf5 15. Re1 a5 16. a3 Re8 17. Rxe8+ Qxe8 18. Qd2 Nd7 $6 {Dieser Zug
ist ungenau, da er nicht das Problem entlang der Diagonalen a2-g8 löst.} (18...
Be6 $6 19. Re1 {nebst Bxe6 schwächt die schwarze Bauernstellung.}) ({Wie in
den Jahren nach dieser Partie jedoch festgestellt wurde, ist} 18... Qd7 $1 {
der richtige Zug. Jetzt droht ...Be6, und nach} 19. Re1 Re8 20. Rxe8+ Qxe8 21.
Qf4 Be6 $1 22. Bxe6 Qxe6 {kann Weiß keinen Vorteil erlangen, z.B.} 23. Qc7 (23.
Qb8+ Qc8 24. Qa7 Nc4 {verspricht Weiß ebenfalls nichts.}) 23... Nc4 24. Qxb7
Bxd4 25. Nxd4 Qe1+ 26. Kh2 Qe5+ 27. g3 Qxd4 28. Qc8+ Kh7 29. Qf5+ $11 {mit
Dauerschach, wie in einigen Partien tatsächlich geschah. Infolgedessen verlor
das gesamte System mit 8.Rc1 an Popularität und wird heute nur noch selten
angewandt.}) 19. Qf4 Bg6 20. h4 $1 {Durch die Drohung h4-h5 will Weiß ...h6-h5
provozieren.} Qd8 21. Na4 {Neben dem Feld e5 ist das Feld c5 ein wichtiger
Stützpunkt.} h5 $1 {Schwächt das Feld g5, aber dennoch war dieser Zug
unumgänglich.} (21... Qb8 $6 22. Qg4 Nf8 23. h5 Bh7 24. Nc5 {mit großem
Vorteil (Kasparow)}) 22. Re1 b5 $5 {Eine interessante Entscheidung. Schwarz
schwächt den Pc6, bekommt dafür aber Gegenspiel am Damenflügel.} (22... Qb8 23.
Qe3 Qd6 24. Nc3 $14 {(Kasparow) ist die 'normale' Fortsetzung. Weiß behält
Vorteil, da Schwarz auf der e-Linie und der Diagonalen a2-g8 nichts
entgegenzusetzen hat.}) 23. Nc3 Qb8 24. Qe3 $1 b4 25. Ne4 bxa3 ({Schwarz kann
mit} 25... Bxe4 $2 {keinen Bauern gewinnen, denn} 26. Qxe4 bxa3 27. Qxc6 axb2
28. Qd5 $1 {gewinnt für Weiß.}) 26. Nxf6+ Nxf6 27. bxa3 Nd5 28. Bxd5 cxd5 29.
Ne5 {Schwarz hat die Diagonale a2-g8 endlich geschlossen, aber jetzt hat er
ein neues Problem: Der Ne5 ist deutlich stärker als der Bg6.} Qd8 30. Qf3 Ra6
31. Rc1 Kh7 $6 {Dieser Zug wird von Kasparow kritisiert.} ({Er gibt eine
längere Variante an:} 31... Qxh4 {(Schwarz wäre natürlich froh, wenn er sein
Sorgenkind, den Pd5 abtauschen kann, allerdings verliert er einen weiteren
Bauern)} 32. Qxd5 Kh7 33. Nf3 Qg4 34. Ng5+ Kh6 35. Nxf7+ Bxf7 36. Qxf7 Rf6 37.
Qc4 Rg6 38. g3 h4 39. Rc3 {und trotz des Mehrbauern schätzt Kasparow die
Stellung als nur leicht vorteilhaft für Weiß ein. In der Tat gestaltet sich
bei Schwerfigurenendspielen die Verwertung eines Materialvorteils oftmals
schwierig.}) 32. Qh3 Rb6 33. Rc8 {Durch den Turm auf der 8.Reihe kann Weiß
einige lästige Drohungen aufstellen.} Qd6 34. Qg3 a4 $2 {Dieser Zug verliert
den a-Bauern, ohne dass Schwarz sich befreien kann.} (34... Rb1+ 35. Kh2 Qa6 {
ist besser. Schwarz stellt die Gegendrohung ...Qf1 auf.} 36. Re8 $1 {Um die e.
Linie zu kontrollieren.} (36. Rf8 $2 Qf1 37. Qf3 a4 $1 {(um ...Rb3 zu
ermöglichen)} 38. Nxf7 Bxf7 39. Qxf7 Qg1+ 40. Kg3 Rb3+ 41. f3 Qe1+ $11 {
mit Dauerschach (Kasparow)}) 36... Qb5 (36... Qf1 37. Qf3 {führt jetzt zu
nichts, da die schwarzen Dame nicht mehr Dauerschach geben kann}) 37. Ra8 {
mit klarem Vorteil (Kasparow). Eine mögliche Variante ist} Qf1 38. Qf3 Qg1+ 39.
Kg3 Qd1 40. Qxd5 Qb3+ 41. Qxb3 Rxb3+ 42. f3 Rxa3 43. d5 {. Weiß hat großen
Vorteil, aber er hat noch nicht gewonnen.}) 35. Ra8 $1 Qe6 $1 {Wegen
taktischer Wendungen kann der Rb6 nicht ziehen:} (35... Rb3 36. Rh8+ $1 Kxh8
37. Nxf7+ $18 {(Kasparow)}) (35... Ra6 36. Nxf7 $1 Bxf7 37. Qd3+ $18 {
(Kasparow)}) 36. Rxa4 Qf5 37. Ra7 $1 Rb1+ 38. Kh2 Rc1 (38... Rb2 39. Nf3 f6 40.
Qc7 $18 {(Kasparow)}) 39. Rb7 Rc2 40. f3 (40. Nf3 {ist weniger überzeugend,
denn nach} f6 41. Qd6 Kh6 ({Kasparow empfiehlt} 41... Qg4 $2 {, dies scheitert
jedoch einfach an} 42. Qxf6) 42. Rb8 (42. Qf8 $2 Qf4+ {, und Weiß wird matt})
42... Qg4 43. Rh8+ Bh7 {, und es geht nicht weiter für Weiß.}) 40... Rd2 41.
Nd7 $1 {Der Beginn der genau berechneten Schlusskombination.} (41. Rb4 $2 f6 {
(Kasparow) ist zu passiv.}) 41... Rxd4 42. Nf8+ Kh6 {Die 8. Reihe ist dem
König wegen 43.Rb8 verwehrt, aber nun muss die schwarze Dame das Feld g5
bewachen.} 43. Rb4 $1 {Nach dem Abtausch der Türme sind die restlichen
schwarzen Figuren mit der Verteidigung des eingeklemmten Königs überfordert.}
Rc4 {Kasparows Analysen weisen auch nach anderen Zügen einen Gewinn nach:} (
43... Rxb4 44. axb4 d4 45. b5 d3 46. b6 d2 47. b7 d1=Q 48. b8=Q Qc1 49. Nxg6
Qxg6 50. Qh8+ Qh7 51. Qgxg7#) (43... Rd1 44. Rb8 Bh7 45. Qg5+ Qxg5 46. hxg5+
Kxg5 47. Nxh7+ $18) (43... Rd3 44. a4 ({besser als} 44. Rb8 Bh7 45. Qg5+ Qxg5
46. hxg5+ Kxg5 47. Nxh7+ Kh6 48. Nf8 Rxa3) 44... Re3 45. Rb8 Bh7 46. Qg5+ Qxg5
47. hxg5+ Kxg5 48. Nxh7+ $18) 44. Rxc4 dxc4 45. Qd6 $1 c3 {Der einzige Zug, um
ein sofortiges Matt auf der Diagonalen c1-h6 abbzuwenden.} 46. Qd4 {Schwarz
gab auf.} ({Einige Varianten Kasparows rechtfertigen diese Entscheidung:} 46.
Qd4 Bh7 47. Qxc3 Bg8 (47... g5 48. Qe3 f6 49. hxg5+ fxg5 50. Nxh7 Kxh7 51. Qe4
$18) 48. Qe3+ g5 49. Qxg5+ Qxg5 50. hxg5+ Kxg5 51. a4 f5 52. a5 Bc4 53. Nd7 Kf4
54. Nc5 Ke5 55. a6 Kd6 56. a7 Bd5 57. Nd3 Kc7 58. Nf4 $18 {, und Schwarz
verliert seine beiden Bauern.}) 1-0

[Event "OHRA-A"]
[Site "Brussels"]
[Date "1986.12.??"]
[Round "6"]
[White "Kasparov, Garry"]
[Black "Nunn, John DM"]
[Result "1-0"]
[WhiteElo "2740"]
[BlackElo "2590"]
[Annotator "Nunn,J"]
[PlyCount "35"]
[EventDate "1986.12.??"]
[EventType "tourn"]
[EventRounds "10"]
[EventCountry "BEL"]
[EventCategory "16"]
[SourceTitle "CBM 001"]
[Source "ChessBase"]
[SourceDate "2004.01.01"]
[SourceVersion "1"]
[SourceVersionDate "2004.01.01"]
[SourceQuality "1"]

1. d4 Nf6 2. Nf3 g6 3. c4 Bg7 4. g3 O-O 5. Bg2 c6 6. Nc3 d5 7. cxd5 cxd5 8. Ne5
e6 9. O-O Nfd7 10. f4 Nxe5 ({Black would prefer to play} 10... Nc6 11. Be3
Ndxe5 {but} 12. dxe5 $1 {is good for White.} (12. fxe5 f6 {which prevents the
line played by Kasparov.})) 11. fxe5 ({Now} 11. dxe5 {is met by} Qb6+ $1 12.
Kh1 Nc6 {with an equal game.}) 11... Nc6 12. e4 {The sharpest continuation,
but although very dangerous for Black it may not be good for White against
accurate defence.} dxe4 13. Be3 f5 14. exf6 Rxf6 15. Nxe4 ({Much better than} 
15. Rxf6 $143 $6 {as had been played previously.}) 15... Rxf1+ 16. Qxf1 Nxd4 $4
{A horrible move, losing instantly.} ({The correct line was} 16... Bxd4 $142
17. Bxd4 Nxd4 18. Re1 e5 19. Qf6 Qb6 $1 20. Kh1 Qxf6 21. Nxf6+ Kg7 22. Ne8+ Kf8
23. Rxe5 Be6 24. Nc7 Rc8 25. Nxe6+ Nxe6 26. Bxb7 Rc1+ 27. Kg2 Rc2+ {and ...
Rxb2 draws.}) 17. Rd1 $18 e5 18. Ng5 $1 {The threats of Qc4+ and Qf7+ cannot
be met. My displeasure at this game was increased the day after, when a
journalist handed me a photocopy proving that the entire game had been played
before (although Black continued a bit longer).} (18. Ng5 Qf6 (18... Qe7 19.
Bd5+ Be6 20. Rxd4 $1 $19) 19. Qc4+ Be6 20. Nxe6 Nxe6 (20... Qxe6 $4 21. Bd5)
21. Rd6 $19) 1-0